000 00931cam a2200301 a 4500
001 000013373
003 OSt
005 20200929163217.0
008 870331s1974 sp 001 0 spa
010 _a86139799
020 _a8471561549
040 _aDO-SdBNP
_bspa
_cBNPHU
082 _axxx
_bxxx
100 1 _aLanz, Karl
_930592
240 1 0 _aBorsen ABC
_lEspañol
245 1 3 _aEl ABC de la bolsa /
_cKarl Lanz ; [traducido del alemán por Luis F. Villanueva].
250 _a2a ed.
260 _aBarcelona :
_bMediterráneo,
_c1974.
300 _a150 p. :
_bil ;
_c21 cm.
490 1 _aColección de bolsillo Edime
_v43
500 _aIncluye datos biográficos del autor en la solapa de la contracubierta
500 _aTraduit de : Börsen-ABC.
500 _a Estudios.
700 1 _aVillanueva, Luis F.
_etr.
_950084
830 0 _aColección de bolsillo Edime, 43
_930593
942 _2ddc
_cLF1
956 _aLOPEREZ
999 _c12999
_d12999